[Event "Petrosian Memorial Internet"]
[Site "ICC INT"]
[Date "2004.12.23"]
[Round "6"]
[White "Fressinet, Laurent"]
[Black "Lputian, Smbat G"]
[Result "1-0"]
[WhiteElo "2640"]
[BlackElo "2634"]
[Annotator "Psakhis,L"]
[PlyCount "45"]
[EventDate "2004.12.18"]
[EventType "team"]
[EventRounds "6"]
[EventCountry "USA"]
[SourceTitle "CBM 105"]
[Source "ChessBase"]
[SourceDate "2005.04.11"]
[SourceVersion "1"]
[SourceVersionDate "2005.04.11"]
[SourceQuality "1"]

{[%mdl 8192]} 1. e4 e6 2. d4 d5 3. Nc3 Bb4 4. e5 c5 5. a3 Ba5 6. b4 cxd4 7. Qg4
Ne7 8. bxa5 dxc3 9. Qxg7 Rg8 10. Qxh7 Nbc6 11. Nf3 Qc7 12. Bf4 Qxa5 (12... Bd7
13. a6 $5 (13. Bg3 O-O-O 14. Bd3 Qxa5 (14... Rxg3 $6 15. hxg3 Nxe5 16. Nxe5
Qxe5+ 17. Kf1 Be8 18. a6 b6 19. a4 Qc7 20. Qg7 e5 21. Rh8 $16 {1-0
McDonald-Karlsson,L/Gausdal Arnold-Cup 1990 (43)}) 15. O-O Qc5 (15... Qa4 16.
Rfe1 Ng6 17. Qh6 Rh8 18. Qe3 d4 19. Qe2 Nce7 20. Rab1 Bc6 21. Rb4 Qxa3 22. Rxd4
Bd5 23. Ng5 $16 {1/2-1/2 De Firmian,N-Lputian,S/Yerevan (ol) 1996/}) (15... Rh8
16. Qxf7 Rdf8 17. Qg7 Rhg8 18. Qh6 Rxf3 19. gxf3 Nd4 20. Qf4 (20. Kh1 Nef5 {
[%csl Gd4,Gf5]} 21. Qf4 (21. Qh7 $5 Qd8) 21... Qc5 22. Rg1 Rf8 23. Qg4 Bc6 (
23... Bb5 $5) 24. Rg2 Bb5 $1 {1-0 Lutz,C-Lyrberg,P/Katrineholm 1999/CBM 71/
[Psakhis,L] (40)}) 20... Nef5 21. Rfb1 a6 22. Rb4 Qc5 23. Rab1 b5 24. Rxd4 Qxd4
25. Qxd4 Nxd4 26. Kg2 {1/2-1/2 Rogers,I-Peek,M/Port Erin Monarch Assurance
2004/}) (15... Nf5 16. Bxf5 exf5 17. Qxf7 Rdf8 18. Qh7 f4 19. Bxf4 Bf5 20. Qh4
Rh8 21. Qg3 Rhg8 22. Qh4 Rh8 23. Qg3 Rhg8 24. Qh4 {1/2-1/2 Grischuk,A-Vaganian,
R/Calvia Olympiad 2004/The Week in Chess 520}) 16. Qxf7 $5 $146 (16. Qh4 a6 (
16... Rg7 17. Rfb1 a6 18. h3 Rdg8 19. Kh2 d4 20. Be4 Nd5 21. Bxd5 Qxd5 22. Rd1
Nxe5 23. Nxe5 Qxe5 24. Rxd4 Rxg3 25. fxg3 Bc6 26. Rad1 f6 27. Rg4 Re8 28. Rc4
Qe2 29. Rxc6+ bxc6 30. Qd4 {1-0 Lutz,C-Mueller,K/GER-ch Altenkirchen 1999/CBM
74/[Psakhis] (30)}) 17. Ng5 Be8 18. Qf4 Nd4 19. Rfe1 Nef5 20. a4 Rg7 21. Nf3
Nxf3+ 22. gxf3 Qd4 23. Qxd4 Nxd4 24. Re3 Nc6 25. Kf1 Bd7 26. Be2 d4 27. Re4 Kc7
28. Bd3 Kb6 29. Rb1+ Kc5 30. Rxb7 Bc8 {Polgar,J-Vaganian,R/Groningen PCA 1993/
0-1 (40)}) (16. Rfe1 Rh8 17. Qxf7 Rdf8 18. Qg7 Nf5 19. Bxf5 Rhg8 20. Qh6 Rxf5
21. Qe3 b6 22. Red1 Rg4 23. Rd3 Rc4 24. h4 Qb5 25. Nd4 Qb2 26. Re1 Nxd4 27.
Rxd4 Rxd4 28. Qxd4 Qxc2 29. Kh2 Qd2 30. Qxd2 cxd2 {Dolmatov,S-Lputian,S/Manila
(izt) 1990/ (55)}) 16... Rdf8 17. Qh7 Rxf3 $5 {Strong and promising exchange
sacrifice} 18. gxf3 Nxe5 {'/\'} 19. Be2 (19. Kh1 $5 Nxf3 20. Qh5 $14) ({
Black doing well after} 19. f4 Nxd3 20. cxd3 d4 $44 {[%csl Gc3,Gd4]}) 19... d4
(19... N5g6 $5 20. Bd3 $5 Ne5 $140 21. Kh1) 20. Rfe1 (20. f4 N5g6 {[%cal Gg6f4]
}) 20... Bc6 $36 {1-0 Shirov,A-Akopian,V/Merida 79/272 2000/ChessBase/[Psakhis]
(46) It is easy to see that Akopian has great compensation for exchange}) (13.
h4 O-O-O 14. a6 Nf5 15. axb7+ Qxb7 16. Bd3 Rh8 17. Bxf5 Rxh7 18. Bxh7 Qa6 19.
Bg5 Rh8 20. Bd3 Qa4 21. Bf6 Rh5 22. O-O Nd4 23. Nxd4 Qxd4 {0-1 Gheng,
J-Vaganian,R/Deizisau-A 2000/ChessBase (38)}) 13... O-O-O $5 (13... b6 14. Bg3
O-O-O 15. Bd3 Ng6 16. Bxg6 fxg6 17. Rd1 Rde8 18. O-O g5 19. Qd3 g4 20. Nh4 Ne7
$44 {1/2-1/2 Psakhis,L-Eingorn,V/USSR (ch) 1987}) 14. axb7+ Kb8 (14... Qxb7 15.
Qd3 Qb2 16. Qd1 Kc7 17. Bd3 Rg4 18. Rb1 Qa2 19. g3 Ng6 20. Bxg6 Rxg6 21. O-O
Qc4 22. Be3 d4 23. Nxd4 Nxe5 24. Bf4 f6 25. Rb4 Qc5 26. Qh5 Rg5 27. Qf7 Qd5 28.
Qxf6 Rh5 29. Re1 Bc6 30. Bxe5+ Kc8 31. Rb8+ {1-0 Nunez Garcia,A-Rodriguez
Gonzalez,J/Madrid-ch 2004/ChessBase}) 15. Qd3 Rg4 16. g3 Ng6 17. Qxc3 Nxf4 18.
h3 $3 (18. gxf4 $2 Rxf4 $36) 18... Nxh3 (18... d4 19. Qc5) 19. Rxh3 Nxe5 (19...
Ra4 20. Be2 d4 21. Qc5 Ra5 22. Qd6 $16 {Ruch-Barnsley, ICCF Email 2000}) (19...
Re4+ 20. Kd1 (20. Kd2 $143 Qb6 21. Rh2 d4 $132)) 20. Qxc7+ Kxc7 21. Nxe5 Re4+
22. Kd2 Rxe5 23. Bd3 $1 $16 {1-0 Volokitin,A-Lputian,S/Calvia Olympiad 2004/
(39)}) 13. Rb1 $146 (13. Bd3 Nb4 14. O-O Nxd3 15. Qxd3 b6 16. Rfb1 Ng6 17. Bg5
Ba6 18. Qe3 Rc8 19. Rb4 Rc4 20. Rxc4 Bxc4 21. h4 Kd7 22. h5 Nh8 23. Bf6 Qc5 24.
Nd4 Ba6 25. f3 Rc8 26. Qf4 Kc7 27. g4 Kb8 {De la Riva Aguado,O-Vaganian,R/
Pamplona 2004//1-0 (37)}) 13... Bd7 ({Worth considering brave} 13... Qxa3 $5
14. Bb5 (14. h4 Qa2 15. Rc1 $15) (14. Ng5 Rf8 $1 $132 (14... Nxe5 15. h4 $1 f6
16. Bxe5 fxe5 (16... fxg5 17. Bb5+ Bd7 18. Bf6 Qd6 19. Be2 $5 $18 {[%csl Re8]})
)) 14... Bd7 15. Bg5 $132 {The future of this variation depends, probably,
upon the evaluation of this position.}) 14. Ng5 {[%mdl 128]} Nxe5 (14... Rf8
$142) 15. h4 (15. Bxe5 $5 Rxg5 16. Bg7 $1 Bc6 (16... O-O-O 17. Bf6 {[%csl Gf6]}
) (16... Rxg7 17. Qxg7 Ng6 18. Bd3 $18) 17. h4 {with big advantage of white.})
15... Qc7 $8 (15... d4 16. Ne4 $1 Kd8 17. Nf6 Rf8 18. Qg7) (15... Rxg5 16. Bxg5
N7g6 17. h5 Nf8 18. Qg7 $18 {[%csl Gh5]}) 16. Rh3 ({Perhaps White should have
considered} 16. Kd1 $1 f6 (16... Rf8 17. Nf3 N7g6 18. Bg3 {[%cal Rh4h5]}) 17.
Bxe5 fxe5 (17... Qxe5 18. Qf7+ Kd8 19. Qxg8+ $1 Nxg8 20. Nf7+ Kc7 21. Nxe5 fxe5
22. Rh3 d4 23. h5 $18) 18. Qf7+ Kd8 19. Qf6 $16 {but move in the text is good
enough.}) 16... Rf8 (16... Bc6 17. Nxf7 Nd3+ 18. Bxd3 Qxf4 19. Rf3 Qh2 $140 20.
Rxb7 $1 Bxb7 21. Bb5+ Bc6 22. Bxc6+ Nxc6 23. Qxg8+ $18) 17. Qg7 (17. Nxf7 $5 {
also promised better chances, but move in the text is stronger.}) 17... N7g6 $8
18. Nh7 {Unlike Black who has not completed his development yet, all white
pieces are involved in the struggle and aim at the Black king.} ({BTW White
cold play also} 18. Bh2 $5 {[%cal Rh4h5] nad after} f6 19. Nxe6 $1 $18 {
wins immediately.}) 18... Rh8 ({There wasn't a rescue in} 18... O-O-O 19. Bxe5
Qxe5+ 20. Qxe5 Nxe5 21. Nxf8 Rxf8 22. Rxc3+ $18 {or}) (18... Nd3+ 19. Bxd3 Qxf4
20. Bxg6 fxg6 21. Qxf8+ Qxf8 22. Nxf8 Kxf8 23. Rxb7 $18) 19. Nf6+ Ke7 (19...
Kd8 20. h5) 20. Bg5 $18 Kd6 $8 21. h5 (21. Ne4+ $1 dxe4 (21... Kc6 22. Rxc3+)
22. Rd1+ Kc6 23. Rxc3+ Kb6 24. Be3+ $18) 21... Ne7 22. Bf4 {[%cal Of4e5,Rf4c7]}
N7c6 23. Bb5 (23. Ne4+ $5 dxe4 24. Rd1+ Kc5 25. Be3+ Nd4 26. Bxd4+ Kc6 27.
Rxc3+) 1-0

[Event "GER-ch 73th"]
[Site "Altenkirchen"]
[Date "2001.11.30"]
[Round "1"]
[White "Huebner, Robert"]
[Black "Hammes, Michael"]
[Result "1-0"]
[WhiteElo "2612"]
[BlackElo "2377"]
[Annotator "Psakhis,L"]
[PlyCount "69"]
[EventDate "2001.11.30"]
[EventType "swiss"]
[EventRounds "9"]
[EventCountry "GER"]
[SourceTitle "CBM 087"]
[Source "ChessBase"]
[SourceDate "2002.03.21"]
[SourceVersion "1"]
[SourceVersionDate "2002.03.21"]
[SourceQuality "1"]

1. e4 e6 2. d4 d5 3. Nc3 Bb4 4. e5 c5 5. a3 Bxc3+ 6. bxc3 Ne7 7. Qg4 O-O 8. Bd3
f5 9. exf6 Rxf6 10. Bg5 Rf7 11. Qh5 g6 12. Qd1 Nbc6 13. Nf3 Qa5 14. Bd2 ({
Worth considering and} 14. Qd2 Bd7 15. h4 $1 {with big complications -} Nf5 16.
h5 cxd4 17. hxg6 hxg6 18. Qf4 Rg7 19. Qh2 Kf7 20. g4 $40 {1-0 Smirnov,P-Potkin,
V/RUS-ch B20 Kazan 2001/CA (36)}) 14... c4 ({It is not easy for white to get
any advantage after} 14... Qc7 {[%cal Ge6e5] for example} 15. O-O e5 16. Nxe5
Nxe5 17. dxe5 Qxe5 18. c4 Bf5 19. Bxf5 Nxf5 20. Re1 Qd4 21. cxd5 Qxd5 22. Bc3
Nd4 $13 {1/2-1/2 Stefansson,H-Potkin,V/Pardubice Czech op 2000/The Week in
Chess 299 (38)}) 15. Be2 Nf5 16. O-O Nd6 17. Re1 $146 (17. Qe1 Ne4 18. Ng5 Nxd4
19. cxd4 Nxd2 20. Nxf7 Kxf7 21. f3 Qc3 22. Qh4 Nxf1 23. Qxh7+ Kf8 24. Qh8+ Kf7
25. Rxf1 Qxc2 26. Bd1 Qf5 27. Qh7+ Kf8 28. Re1 a6 {1/2-1/2 Voss,M-Moissl,R/
corr 1993 (38)}) (17. Ng5 $5 Rf8 18. Re1 (18. f4 {1/2-1/2 Kovalev,A-Uhlmann,W/
Porz Citroen-Cup 1990 (18)}) 18... e5 19. dxe5 Nxe5 20. Be3 Bd7 21. Qd4 Rfe8
22. Rad1 Bc6 23. Qf4 Nef7 24. Nxf7 Nxf7 25. Bd4 $36 {[%csl Gd4,Gf4] 1-0 Mrazik,
L-Abegg,B/Email 2000/ICCF tele 5/2001 (41)}) 17... Bd7 $6 {Small mistake with
big consequences.} (17... Ne4 18. Bf1 Bd7 {[%cal Ga8f8] black position is not
bad at all!}) 18. Ng5 $1 {[%csl Ge4]} Re7 19. Bg4 $14 Rae8 20. h4 $1 {[%csl
Rg8] Black safely protect e6 pawn and Dr. Huebner starts attack on the king's
side} e5 21. Bxd7 Rxd7 22. h5 Qd8 ({After stubborn} 22... Rde7 $142 $1 {
white's task will be more difficult}) (22... Nf5 23. Qg4 $1 {[%cal Gg5h7]}
Ncxd4 $140 24. cxd4 Qxd2 25. Rad1 Qxc2 26. Nxh7 $36) 23. dxe5 (23. hxg6 hxg6
24. Qg4 $36) (23. Qf3 $5) 23... Rxe5 24. Rxe5 Nxe5 25. Bf4 {It is very
difficult to defend now black's position - his king is weak and knighs can't
find safe places in the center of the board} Ndf7 (25... Ne8 {lose immediately
after} 26. Qe2 $18) 26. Nxf7 Nxf7 27. Qg4 Kg7 (27... g5 $142 $5 28. Be3 $16 {
[%csl Ge3,Rg8]}) 28. Be3 $1 Rd6 29. Bd4+ Kg8 30. Re1 $18 {[%csl Gd4,Ge1,Rf7,
Rg8] Rest is uite simple - Black can't protect his monarch any more.} b6 31.
Re3 {[%cal Gg4e2,Ge3h3]} Qf8 32. Qe2 Rd8 33. Re7 (33. hxg6 hxg6 34. Bf6 Ra8 35.
Qg4 $18 {was as simple as text}) 33... Qh6 (33... gxh5 34. Bf6 $18) 34. Qe6 Rf8
35. Qf6 (35. Qf6 g5 36. Qxh6 Nxh6 37. Rg7+) 1-0

[Event "FIDE-Wch k.o."]
[Site "New Delhi/Teheran"]
[Date "2000.11.29"]
[Round "1.4"]
[White "Minasian, Artashes"]
[Black "Villamayor, Buenaventura"]
[Result "1-0"]
[WhiteElo "2595"]
[BlackElo "2495"]
[Annotator "Psakhis,L"]
[PlyCount "69"]
[EventDate "2000.11.27"]
[EventType "k.o."]
[EventRounds "7"]
[EventCountry "IND"]
[SourceTitle "CBM 081"]
[Source "ChessBase"]
[SourceDate "2001.03.20"]
[SourceVersion "1"]
[SourceVersionDate "2001.03.20"]
[SourceQuality "1"]

1. e4 e6 2. d4 d5 3. Nc3 Bb4 4. e5 c5 5. a3 Bxc3+ 6. bxc3 Qc7 {The whole idea
of this move is quite simple - black wants to meet 7.Qg4 with f5. I played
myself this difficult and complicated line a few times - and not without
success - but I am afraid that white's chances are higher here.} 7. Qg4 f5 8.
Qg3 (8. Qh5+ $5 {is also not bad move.}) 8... cxd4 9. cxd4 Ne7 10. Bd2 O-O 11.
Bd3 b6 {[%cal Gc8a6]} 12. Ne2 {[%csl Re6][%cal Ge2f4]} Ba6 13. Nf4 Qd7 14. h4
Bxd3 15. Qxd3 {A very important theoretical position. It is clear that white
has good perspectives on the king's side and black can hope for organizing
counterplay on the c-line.} (15. cxd3 $5) 15... Nbc6 $6 ({Better was} 15... Rc8
$1 {[%cal Gc8c4] and after} 16. Rh3 Rc4 17. Rg3 Nbc6 {black's position is not
so bad, for example} 18. c3 Kh8 (18... Rf8 19. Ke2 Rf7 20. Kf1 Ra4 21. Qc2 Rc4
22. Qd1 Nd8 23. Nh3 Qe8 24. a4 Nec6 $13 {1/2-1/2 Gofstein,L-Psakhis,L/ISR t-ch
1998 (45)}) 19. Qe2 Na5 20. Qd1 Rc6 21. Kf1 Nc4 22. Bc1 b5 23. Nh5 Ng6 24. Nxg7
Kxg7 25. h5 Rh8 26. Bg5 Kf8 $132 {1/2-1/2 Svidler,P-Hansen,C/Esbjerg North Sea
Cup 2000/CBM 78 (40)}) 16. Rh3 (16. h5 Rac8 17. Rh3 Nd8 18. Rg3 Qa4 19. c3 Qe8
20. Kf1 Rc6 21. Qf3 Nf7 22. Kg1 Nh6 $13 {Fercec,N-Brumen,D/Bled op 1998/1-0 
(56)}) (16. O-O Rac8 17. a4 Nd8 18. a5 b5 19. a6 Rc4 20. Rfb1 Nec6 21. c3 b4
22. cxb4 Rxd4 23. Qc3 Rc4 24. Qb2 Nf7 25. Nd3 Rb8 26. b5 $36 {1-0 Haist,
W-Kelecevic,N/Pontresina SEM-HT I 2000/Ajelibre (36)}) 16... Rf7 (16... Rac8
$142 {Kasparov,G} 17. Rg3 Nd8 $1 18. Nh5 (18. Kf1 Qc6 19. c3 Qc4 $15) (18. c3
$5) 18... Ng6 19. Nxg7 (19. Nf6+ gxf6 20. h5 fxe5 21. hxg6 e4 22. gxh7+ Kh8)
19... Kxg7 20. h5 Nf7 21. Ke2 (21. hxg6 hxg6 22. Ke2 (22. Rxg6+ $2 Kxg6 23.
Qg3+ Kh7 24. Ke2 (24. O-O-O Rxc2+ $1 25. Kxc2 Qa4+ 26. Qb3 Qxd4 $1 27. Rh1+ Kg6
$19) 24... f4 $1 (24... Qb5+ $2 25. Kf3 f4 26. Rh1+ Nh6 27. Qg5 $18) 25. Qxf4
Qb5+ $19)) 21... Qd8 $1 22. Rh1 Rh8 23. c3 Qe7 $13) 17. Rg3 Rc8 18. h5 Nd8 {
[%cal Gd7a4,Gc8c4]} 19. c3 Qa4 $146 {Vellamayor follows a recomendation of
Kasparov.} (19... Rf8 20. Kf1 Rc4 21. Kg1 Nf7 22. a4 Rfc8 23. Qb1 Nc6 24. Qd1
Ne7 25. h6 g6 26. Qh5 Rxa4 27. Rxa4 Qxa4 28. Nxe6 Qc2 29. Qh4 f4 30. Bxf4 Nf5
31. Rxg6+ {1-0 Kasparov,G-Short,N/Novgorod 1997/Inf 70 (31)}) (19... Ndc6 20.
Kf1 Na5 21. Rb1 Nc4 22. Bc1 Rc6 23. Kg1 Rc7 24. a4 Rf8 25. Qd1 Kf7 26. h6 g6
27. Nh5 Ng8 $13 {1-0 Dworakowska,J-Bobrowska,M/POL t-ch Krynica 1997 (52)}) 20.
h6 g6 21. Nh3 $5 {[%cal Gd2g5] In many positions like this the answer is:
"Bring more pieces into the attack and create an advantage of forces in a
particular area". Here Minasian gives a nice illustration to this idea:} (21.
Nh5 Kh8 22. Nf6 Ng8 $1) 21... Kh8 22. Bg5 Ng8 {Black's position is quite
passive, but it is not easy for White to increase pressure.} (22... Nec6 23.
Bf6+ Kg8 24. Nf4 $40) 23. Nf4 {[%csl Re6]} Qe8 24. Qd2 Rfc7 {[%cal Gd8f7]} 25.
Kf1 {[%cal Ga1e1]} Nf7 {[%csl Rh6] Pawn on h6 became a real weakness, but it
is a good question if Black have to take it!} 26. Bh4 Nfxh6 27. Re1 {[%cal
Gh4f6,Ge1e6]} Nf7 28. Bf6+ $1 Nxf6 29. exf6 {[%csl Ge1,Gf4,Gg3] Minasian
managed to improve his position and it is clearly that White have more than
enough compensation for the pawn.} Nd6 (29... Nd8 $142 $5) 30. Rxe6 Qb5+ 31.
Kg1 Ne4 32. Nxg6+ $1 {Final blow!} hxg6 33. Rh3+ Kg8 34. Qh6 Kf7 35. Re7+ (35.
Re7+ Kxf6 36. Qg7+ Kg5 37. f4+ Kxf4 38. Qh6+ g5 39. Rf3+) 1-0

[Event "NED-chT playoff"]
[Site "Enschede"]
[Date "2004.05.20"]
[Round "1"]
[White "Nijboer, Friso"]
[Black "Blees, Albert"]
[Result "1-0"]
[WhiteElo "2578"]
[BlackElo "2389"]
[Annotator "Psakhis,L"]
[PlyCount "81"]
[EventDate "2004.05.20"]
[EventType "team"]
[EventRounds "2"]
[EventCountry "NED"]
[SourceTitle "CBM 101"]
[Source "ChessBase"]
[SourceDate "2004.07.27"]
[SourceVersion "1"]
[SourceVersionDate "2004.07.27"]
[SourceQuality "1"]

1. e4 e6 2. d4 d5 3. Nc3 Bb4 4. e5 c5 5. a3 Bxc3+ 6. bxc3 Ne7 7. Qg4 Kf8 8. a4
Nbc6 (8... Qa5 9. Bd2 Nbc6 10. Nf3 h6 11. Be2 c4 12. h4 Bd7 13. h5 b5 14. O-O
bxa4 15. Ra3 Rb8 16. Rfa1 Nd8 17. Nh4 Qc7 18. Qf4 Kg8 {Schoonhoven,J-Valentine,
S/corr 2001/Telechess CBM 91/1/2-1/2 (48)}) (8... b6 $5 9. Ba3 (9. Bd3 Ba6 10.
Nf3 Bxd3 11. cxd3 cxd4 12. cxd4 Nbc6 13. O-O h6 14. Be3 Rc8 15. Rfc1 {1/2-1/2
Karjakin,S-Novik,M/WICC qual Dubai 2002/EXT 2003 (15)}) 9... Qc7 10. Nf3 Ba6
11. Bd3 Bxd3 12. cxd3 Nd7 13. O-O Kg8 14. c4 dxc4 15. dxc4 Ng6 (15... Nc6 16.
Qe4 Rc8 17. Rfd1 cxd4 18. Bd6 Nc5 19. Qb1 Qd7 20. Nxd4 Nxd4 21. Rxd4 Qc6 22. a5
$36 {1/2-1/2 Antal,G-Efimenko,Z/Wch B16 Oropesa del Mar 2000/ (36)}) 16. Qe4
Rc8 17. Rfe1 cxd4 18. Bd6 Nc5 19. Qxd4 Nb3 20. Qb2 Qxc4 21. Nd2 Qd4 22. Qxb3
Qxd2 23. Qf3 $44 {0-1 Nijboer,F-De Jong,M/Leeuwarden op 1995 (40)}) (8... Qc7
9. Nf3 cxd4 10. Qxd4 Nbc6 11. Qc5 f6 12. exf6 gxf6 13. c4 Kf7 14. cxd5 Nxd5 15.
Bd3 Qa5+ 16. Qxa5 Nxa5 17. Bd2 Nc6 18. Rb1 Rb8 19. O-O e5 {1/2-1/2 Zaragatski,
I-Drozdovskij,Y/EUR-ch B18 Peniscola 2002(19)}) 9. Qd1 $5 $146 (9. Bd3 Bd7 10.
h4 Qa5 11. Bd2 c4 12. Be2 Nf5 13. Qf4 h6 14. g4 Nfe7 15. Rh3 Ng6 16. Qe3 Ke8
17. h5 Nge7 18. Nf3 Kd8 19. Bc1 b5 20. Kf1 Kc7 {1-0 Luch,M-Baraniuk,S/Polanica
Zdroj op 2001/ (20)}) (9. Bb5 cxd4 10. cxd4 Nb4 11. Rb1 Nxc2+ 12. Kd1 Qc7 13.
Bd3 Nb4 14. Rxb4 Qc3 15. Bd2 Qxd3 16. Ne2 h5 17. Qg5 b6 18. Nf4 Qf5 19. Qg3 Nc6
20. Rb2 Ba6 21. Qe3 h4 22. Rc2 Bc4 23. h3 Kg8 {Boros,D-Kappler,J/Budapest IM
1994/0-1 (37)}) 9... Bd7 10. Nf3 Rc8 (10... Qa5 $5 11. Bd2 $140 (11. Qd2 $5)
11... c4) 11. Ba3 cxd4 (11... Qa5 12. Qd2 b6 13. Bb5 $5 $36) 12. cxd4 Qa5+ 13.
Qd2 f6 (13... Qxd2+ $5 14. Kxd2 Na5 15. Bb4 Nc4+ 16. Bxc4 Rxc4 17. Rhb1 $36)
14. c3 $5 {Keeping queens on the board.} fxe5 15. dxe5 Ke8 {Black does not
have weak pawns but falls behind in development} (15... Kg8 $5) 16. Be2 (16.
Bd3 $5 {[%csl Gd3]}) 16... Qxa4 17. O-O $44 {[%csl Ga3,Ge2,Re8]} Qe4 18. Rae1 (
18. Rfb1 $5 b6 19. Ba6 Rd8 20. Bd6 Rf8 {[%cal Gf8f3]}) 18... Ng6 (18... Nxe5
19. Nd4 {[%csl Gd4]}) 19. Bd3 {White's position is formidable despite the fact
he is a pawn down.} Qg4 20. h3 Qh5 21. Bd6 {White has got an excellent
attacking chances while Black still has no any counter play.} Rf8 (21... Qh6
22. Ng5 $5) (21... Na5 22. Qe3) 22. Bxg6+ Qxg6 23. Bxf8 Kxf8 24. Nd4 {[%cal
Gf2f5] White's advantage can be seen now with the naked eye !} (24. Rb1 b6 (
24... Na5 25. c4 $5 Nxc4 26. Qf4+ Ke8 27. Rxb7 $16) 25. c4 $5) 24... Kg8 25.
Re3 (25. f4 $5) 25... Na5 26. Rg3 Qh5 27. Qa2 $5 b6 28. f4 {[%cal Rf4f5]} Qf7 (
28... Rf8 29. f5) 29. Kh2 ({Another promising possibility was} 29. Rgf3 $5 Nc4
30. Qxa7 Nd2 31. Qxb6 Nxf1 32. Rxf1 $18 Rxc3 $140 33. f5 $1) 29... Rc5 30. Qe2
Nc6 31. f5 $1 $18 {Finally!} Nxd4 $8 32. fxe6 Qxe6 33. cxd4 Rc8 34. Qa6 (34.
Qa2 $5 {[%cal Gf1f6]}) 34... Rc7 (34... Qc6 35. Rgf3 h6 36. Qa3 $18 {[%cal
Gf3f8]}) 35. Qa3 $1 Qe8 $8 36. Rgf3 Rc8 37. Qxa7 {Rest is simple.} Qe6 38. Qa3
h6 39. Rf8+ Rxf8 40. Qxf8+ Kh7 41. Qd6 (41. Rf7 $1) 1-0

[Event "RUS-ch qual 57th"]
[Site "St Petersburg"]
[Date "2004.05.27"]
[Round "6"]
[White "Belov, Vladimir"]
[Black "Ivanov, Sergey"]
[Result "0-1"]
[WhiteElo "2543"]
[BlackElo "2546"]
[Annotator "Psakhis,L"]
[PlyCount "78"]
[EventDate "2004.05.21"]
[EventType "swiss"]
[EventRounds "9"]
[EventCountry "RUS"]
[SourceTitle "CBM 102"]
[Source "ChessBase"]
[SourceDate "2004.09.23"]
[SourceVersion "1"]
[SourceVersionDate "2004.09.23"]
[SourceQuality "1"]

1. e4 e6 2. d4 d5 3. Nc3 Bb4 4. e5 c5 5. a3 Ba5 6. b4 cxd4 7. Qg4 Ne7 8. bxa5
dxc3 9. Qxg7 Rg8 10. Qxh7 Nbc6 11. f4 (11. Nf3 Qc7 12. Bf4 Bd7 13. Bd3 O-O-O
14. Bg3 Qxa5 15. O-O Rdf8 16. Rfe1 Kb8 $132 {0-1 Gregory,P-Rendle,T/Portsmouth
op 2003/(43)}) 11... Qxa5 12. Nf3 Bd7 13. Rb1 (13. Ng5 O-O-O $1 14. Nxf7 Nf5
15. Nxd8 Qxd8 16. Qh3 Ncd4 17. Qxc3+ Kb8 18. g3 Qb6 19. Bd3 Rc8 20. Qb4 Bb5 $44
{0-1 Van der Weide,K-Werle,J/Groningen SON-ON 2001 (24)}) 13... O-O-O 14. Qd3
a6 {This move has become quite popular in the last couple of years.} (14... Nf5
15. Rg1 $1 Rg4 16. g3 Rh8 17. Kf2 Qc5+ 18. Be3 Qxa3 19. Rb3 Qa4 20. Rxc3 d4 21.
Bxd4 Nfxd4 22. Qxd4 Rxh2+ 23. Rg2 Qxd4+ 24. Nxd4 Rh1 25. Bb5 $14 {1-0 Vescovi,
G-Lputian,S/Poikovsky 2003/CBM 95 (40)}) (14... d4 15. g3 Kb8 16. Be2 Ka8 17.
Kf2 Be8 18. Rd1 Nf5 19. Qc4 a6 20. a4 Rd5 21. Bd3 $16 {1-0 Lutz,C-Kortchnoi,V/
GER-SWZ Berlin 2002(33)}) 15. g3 (15. Ng5 $6 Rxg5 $1 16. fxg5 Nf5 17. Bf4 Qxa3
18. Rb3 Qa4 19. g3 d4 $36 {[%cal Gc6a5] 1-0 Anand,V-Khalifman,A/Dortmund 79/
271 2000/ (47)}) 15... Nf5 16. Bh3 $146 (16. Bg2 Qc5 17. Rb3 d4 18. Ng5 Rxg5
19. fxg5 Qxe5+ (19... Na5 $5 20. Rb4 Bb5 21. Rxb5 axb5 22. Bf4 Ne3 23. Bf3 Nac4
$36 {0-1 Andriasian,Z-Gaehler,M/EUR-ch B14 Halkidiki 2003 (36)}) 20. Kf2 Qc5
21. Re1 Nd6 22. Bf4 Nc4 23. Kg1 e5 $44 {0-1 Tirard,H-Zontakh,A/Krakow 2001 58)}
) 16... Nce7 (16... d4 17. Bxf5 exf5 18. Nxd4 Qd5 (18... Nxd4 19. Qxd4 Bc6 20.
Qc4) 19. Nf3 $14) 17. g4 (17. Rb3 $5 {[%csl Rc3]}) 17... Rh8 $5 18. Ng5 (18.
Bg2 Nh4 19. Nxh4 Rxh4) 18... Nh6 {[%csl Rh6]} 19. Rg1 $6 (19. Rb3 $142 Bc6 20.
Qd4 $5 $36 {with very complicated struggle with slightly better prospects for
white.}) 19... Bb5 {[%csl Gb5]} 20. Qf3 Nc6 21. Bf1 (21. Qf2 d4 $5 22. Ne4 d3
$132) 21... Nd4 22. Qf2 Qa4 $8 (22... Bxf1 23. Qxd4 Bc4 24. Rb4 {[%csl Rc3]})
23. Rg2 ({I think that White rightly avoided the line} 23. Bxb5 Nxc2+ 24. Kf1
axb5 25. Qc5+ Kb8 26. Qxc3 (26. Qxb5 Qxb5+ 27. Rxb5 d4 {[%csl Gc3,Gd4]}) 26...
Qc4+ 27. Qxc4 bxc4 $36) 23... Bxf1 (23... Nxg4 24. Bxb5 axb5 25. Rxg4 Nxc2+ 26.
Kf1 Nd4 27. Be3 {with white's advantage}) 24. Kxf1 Qc4+ 25. Kg1 $6 ({It is not
easy to assess positions arising after} 25. Ke1 $5 Qa2 $140 26. Rb6 Qa1 27. Kd1
) 25... Qa2 $1 26. Rb4 Qa1 (26... Nc6 $5 27. Rb3 d4 28. Ne4 $1 $13) 27. Qe1 (
27. Qxd4 $2 Qxc1+ 28. Kf2 Nxg4+ $1 29. Rxg4 Rxh2+ $19) (27. Qe3 Nc6 {[%cal
Gd5d4]}) 27... Nc6 28. Rb3 Kb8 (28... d4 $5 29. Ne4 $132) 29. Rxc3 Rc8 {
A critical, complicated position. Certainly, Black has compensation for the
pawn, but is he better?} 30. Bd2 (30. Nf3 $5) 30... Qb2 31. Qd1 ({Perhaps
Belov should have considered} 31. Qc1 $142 $5 Qb5 $44 {and Black must still
work hard to convert his initiative into something real.}) 31... Nd4 $1 {
First of all Black has to include new forces into offence.} 32. Rgg3 (32. Rxc8+
Rxc8 33. Bb4 Rxc2 34. Rxc2 Nxc2 $36) 32... Nxc2 ({Another promising
possibility was} 32... Nb5 $5) 33. Kh1 (33. Rb3 Qd4+ 34. Kg2 Qa4 $132) 33...
Nd4 34. Rcd3 Rc4 35. Rh3 (35. Rg2 $5 {[%cal Gg2b2]}) 35... Rhc8 $1 {[%cal
Rc4c1] Seemingly, this move escaped Belov's attention. Black has the upper hand
} 36. Qg1 {This voluntary retreat is dubious.} (36. Rxh6 $142 Rc1 37. Bxc1 Rxc1
38. Rxd4 Qb1 39. Qxc1 Qxc1+ 40. Kg2 Qb2+ 41. Kh3 Qxd4 42. Rf6 Qe3+ $17) 36...
Ne2 $1 $19 37. Qf1 Nc1 (37... Nxf4 $1 38. Bxf4 (38. Rxh6 Nxd3 39. Qxd3 Rxg4)
38... Rxf4 $19) 38. Rxh6 (38. Bc3 Rxc3 39. Rxc3 Rxc3 40. Rxh6 Nd3 41. Rh8+ Ka7
42. Qg1+ b6 $19) 38... Nxd3 39. Qxd3 Rd4 0-1